Tribhuvan University Central Library

The complete works of William Shakespeare (Record no. 103384)

MARC details
000 -LEADER
fixed length control field 00414nam a22001577a 4500
008 - FIXED-LENGTH DATA ELEMENTS--GENERAL INFORMATION
fixed length control field 220210b |||||||| |||| 00| 0 eng d
020 ## - INTERNATIONAL STANDARD BOOK NUMBER
International Standard Book Number 0261662813
082 ## - DEWEY DECIMAL CLASSIFICATION NUMBER
Classification number 822.33/Al27c
100 ## - MAIN ENTRY--PERSONAL NAME
Personal name Alexander, Peter ed.
245 ## - TITLE STATEMENT
Title The complete works of William Shakespeare
260 ## - PUBLICATION, DISTRIBUTION, ETC.
Place of publication, distribution, etc. London:
Name of publisher, distributor, etc. Diamond Books,
Date of publication, distribution, etc. 1994.
300 ## - PHYSICAL DESCRIPTION
Other physical details 633p.
650 ## - SUBJECT ADDED ENTRY--TOPICAL TERM
Topical term or geographic name entry element Shakespeare, William
650 ## - SUBJECT ADDED ENTRY--TOPICAL TERM
Topical term or geographic name entry element Drama
942 ## - ADDED ENTRY ELEMENTS (KOHA)
Source of classification or shelving scheme Dewey Decimal Classification
Koha item type General Collections
Holdings
Withdrawn status Lost status Source of classification or shelving scheme Damaged status Not for loan Home library Current library Shelving location Date acquired Total Checkouts Full call number Barcode Date last seen Price effective from Koha item type
    Dewey Decimal Classification     Tribhuvan University Central Library Tribhuvan University Central Library New Building 02/10/2022   822.33/Al27c G81241 02/10/2022 02/10/2022 General Collections